000 01049nam a2200253 a 4500
001 000031453
003 AM-YEHGA
005 20250618070942.0
008 001123s1992 ai |||||||||||||| | arm d
040 _aAM-YeHGA
041 1 _aarm
245 0 0 _aՔրիստոնեական քարոզ մուսուլմանների մեջ :
_bԱրդի իսլամի ամփոփ տեղեկագիրք. /
_cԹարգմ.՝ Վ. Հակոբյան; Խմբ.՝ Գ. Հակոբյան, Ս. Ավագյան, Ա. Բաղդասարյան.
260 _aԵրևան :
_bԳթություն,
_c1992.
300 _a80 էջ ;
_c20 սմ.
440 0 _aՀամաշխարհային հոգևոր գրականության գանձերից
650 1 4 _aԿրոն
_xՔրիստոնեություն
650 1 4 _aԿրոն
_xԻսլամ
700 1 _aՀակոբյան Վահան
_eթարգմ.
_4trl
700 1 _aՀակոբյան, Գ.
_eխմբ.
_4edt
_95548
700 1 _aԱվագյան, Ս.
_eխմբ.
_4edt
700 1 _aԲաղդասարյան, Ա.
_eխմբ.
_4edt
942 _2udc
_cBK
090 _c14870
999 _c14760
_d14760